| 000 | 00000nam##2200000za#4500 |
| 001 | 9.686013 |
| 003 | CaOODSP |
| 005 | 20210624230338 |
| 007 | cr ||||||||||| |
| 008 | 150407|2001||||xxc|||||o f|0| 0 eng|d |
| 020 | |a0-662-29999-X |
| 040 | |aCaOODSP|beng |
| 043 | |an-cn--- |
| 086 | 1 |aC2-552/2001E-PDF |
| 110 | 1 |aCanada. |bIndustry Canada. |
| 245 | 13|aAn invitation to participate in capital leasing : |h[electronic resource]|bCanada Small Business Financing Act |
| 260 | |aOttawa - Ontario : |bIndustry Canada |cSeptember 2001. |
| 300 | |a10p.|bphotographs |
| 500 | |aThe catalogue number (C2-552/2001) and ISBN (0-662-65580/X) for the bilingual print edition have been incorrectly copied in this electronic publication. |
| 590 | |a11-28-Supp|b2011-11-17 |
| 690 | 07|aContracts|2gcpds |
| 690 | 07|aInvestments|2gcpds |
| 690 | 07|aSmall businesses|2gcpds |
| 775 | 08|tInvitation à participer au projet pilote de location-acquisition : |w(CaOODSP)9.630581 |
| 776 | 0#|tAn invitation to participate in Capital Leasing |w(CaOODSP)9.662637 |
| 776 | 0#|tInvitation à participer au Projet pilote de location-acquisition |w(CaOODSP)9.662638 |
| 856 | 40|ahttp://publications.gc.ca|qPDF|s259 KB|uhttps://publications.gc.ca/collections/Collection/C2-552-2001E.pdf |
| 986 | |a53366B |